000 00726nam a2200229 i 4500
001 82534
003 ES-MaACL
005 20251002204013.0
007 t|
008 041110s1981 sp ||||0| spa d
040 _aM-BN
_bspa
_cM-BN
100 1 _aIbn Quzman, Muhammad b. Abd al-Malik.
_965017
245 1 3 _aEl mejor Ben Quzmán en 40 zéjeles /
_ctraducidos en calco rítmico, con un prólogo ; Emilio García Gómez.
260 _aMadrid :
_bAlianza,
_c[1981]
300 _a230 p. ;
_c20 cm.
490 1 _aAlianza tres ;
_v67
700 1 _aGarcía Gómez, Emilio,
_d1905-1995
_954690
830 0 0 _aAlianza tres
_v67
_9177344
852 _aES-MaACL
_jL-2108
_bR.102729
999 _c82534
_d82534